Novela zákona o cestovných náhradách
Dňa 15. 7. 2005 nadobudol účinnosť zákon č. 312/2005 Z.z., ktorým sa dopĺňa zákon č. 283/2002 Z.z. o cestovných náhradách v znení neskorších predpisov. V súčasnosti má zamestnanec nárok na cestovné náhrady pri dočasnom pridelení agentúrou dočasného zamestnávania na výkon práce do zahraničia a pri za...
Guardado en:
| Autor principal: | |
|---|---|
| Formato: | Capítulo de libro |
| Lenguaje: | eslovaco |
| Materias: | |
| Etiquetas: |
Sin Etiquetas, Sea el primero en etiquetar este registro!
|
MARC
| LEADER | 00000naa$a2200000$$$4500 | ||
|---|---|---|---|
| 001 | 0033489 | ||
| 005 | 20231114083447.0 | ||
| 041 | 0 | |a slo | |
| 044 | |a SK | ||
| 245 | 1 | 0 | |a Novela zákona o cestovných náhradách |c Dagmar Piršelová |
| 520 | |a Dňa 15. 7. 2005 nadobudol účinnosť zákon č. 312/2005 Z.z., ktorým sa dopĺňa zákon č. 283/2002 Z.z. o cestovných náhradách v znení neskorších predpisov. V súčasnosti má zamestnanec nárok na cestovné náhrady pri dočasnom pridelení agentúrou dočasného zamestnávania na výkon práce do zahraničia a pri zahraničnej pracovnej ceste. | ||
| 610 | 2 | 0 | |a náhrada cestovného |
| 610 | 2 | 0 | |a zákony |
| 610 | 2 | 0 | |a novelizácia |
| 610 | 2 | 0 | |a 2005 |
| 610 | 2 | 0 | |a práca v zahraničí |
| 610 | 2 | 0 | |a cesty pracovné |
| 100 | 1 | |a Piršelová, Dagmar | |